000 00557nam a2200169Ia 4500
003 GCL
008 140319s9999 xx 000 0 ara d
040 _aGCL /
_cGCL
082 0 4 _a780.92
_bح س
100 1 _aحسن البحر درويش
245 1 0 _aسيد درويش 75 عاما من الخلود /
_cحسن البحر درويش
260 _aالقاهرة :
_bدار الصديقان للنشر والاعلان
300 _a249 ص ؛
_c24 سم
650 0 4 _aالموسيقيون المصريون
650 0 4 _aسيد درويش
942 _2ddc
_cBK
999 _c5105
_d5105